<?xml version='1.0' encoding='UTF-8'?>
  <record xmlns="http://www.loc.gov/MARC21/slim">
    <leader>00000cam a22000007i 4500</leader>
    <controlfield tag="001">ocn900821141</controlfield>
    <controlfield tag="003">OCoLC</controlfield>
    <controlfield tag="005">20250717235155.6</controlfield>
    <controlfield tag="008">150126s1924    gw            000 0 ger d</controlfield>
    <datafield tag="040" ind1=" " ind2=" ">
      <subfield code="a">NLGGC</subfield>
      <subfield code="b">dut</subfield>
      <subfield code="e">fobidrtb</subfield>
      <subfield code="c">NLGGC</subfield>
      <subfield code="d">OCLCO</subfield>
      <subfield code="d">OCLCQ</subfield>
      <subfield code="d">OCLCL</subfield>
      <subfield code="d">OCLCQ</subfield>
      <subfield code="d">OCLCL</subfield>
    </datafield>
    <datafield tag="029" ind1="0" ind2=" ">
      <subfield code="a">NLGGC</subfield>
      <subfield code="b">387901221</subfield>
    </datafield>
    <datafield tag="035" ind1=" " ind2=" ">
      <subfield code="a">(OCoLC)900821141</subfield>
    </datafield>
    <datafield tag="082" ind1="0" ind2="4">
      <subfield code="a">636.10891</subfield>
      <subfield code="q">OCoLC</subfield>
      <subfield code="2">23/eng/20230216</subfield>
      <subfield code="1">https://id.oclc.org/worldcat/ddc/E38gGqM3KfrxymhYQHwmHwBBRT</subfield>
    </datafield>
    <datafield tag="100" ind1="1" ind2=" ">
      <subfield code="a">Schmaltz, Reinhold,</subfield>
      <subfield code="d">1860-1945.</subfield>
      <subfield code="1">https://id.oclc.org/worldcat/entity/E39PBJd3JDYMFvkjjghWCF7bVC</subfield>
    </datafield>
    <datafield tag="245" ind1="1" ind2="0">
      <subfield code="a">Atlas der Anatomie des Pferdes /</subfield>
      <subfield code="c">von Reinhold Schmaltz.</subfield>
    </datafield>
    <datafield tag="260" ind1=" " ind2=" ">
      <subfield code="a">Berlin :</subfield>
      <subfield code="b">Schoetz,</subfield>
      <subfield code="c">1924.</subfield>
    </datafield>
    <datafield tag="300" ind1=" " ind2=" ">
      <subfield code="a">5 dl. ;</subfield>
      <subfield code="c">32 cm.</subfield>
    </datafield>
    <datafield tag="336" ind1=" " ind2=" ">
      <subfield code="a">tekst</subfield>
      <subfield code="b">txt</subfield>
      <subfield code="2">rdacontent/dut</subfield>
    </datafield>
    <datafield tag="337" ind1=" " ind2=" ">
      <subfield code="a">zonder medium</subfield>
      <subfield code="b">n</subfield>
      <subfield code="2">rdamedia/dut</subfield>
    </datafield>
    <datafield tag="338" ind1=" " ind2=" ">
      <subfield code="a">band</subfield>
      <subfield code="b">nc</subfield>
      <subfield code="2">rdacarrier/dut</subfield>
    </datafield>
    <datafield tag="505" ind1="0" ind2=" ">
      <subfield code="a">I. Das Skelett des Rumpfes und der Gliedmassen. -- 4. und 5. Aufl. / mit Zeichnungen von Karl Hajek. II. Topographische Myologie. -- 5. Aufl. / [mit] Zeichnungen von Bruno Héroux, Karl Hajek und Vincent Uwira, Holzschitte von Gustav Heuer. III. Die Lage der Eingeweide und die Rumpfmuskelschichten nach Gefrierpräparaten. -- 2. Aufl. / [mit] Zeichnungen von Bruno Héroux, Walter Wagener und Max Rudloff. IV. Die Eingeweide in topographischen und Einzel-Darstellungen. V. Der Kopf in topographischen und Einzel-Darstellungen / [mit] Zeichnungen von Karl Hajek.</subfield>
    </datafield>
    <datafield tag="936" ind1=" " ind2=" ">
      <subfield code="a">BATCHLOAD</subfield>
    </datafield>
  </record>